000 00329cam a22001217a 4500
008 180718b1972 xxu||||| |||| 00| 0 eng d
082 _aI5007 L628
100 _aLillico, T.M.
245 _aManagerial communication
_cby T.M. Lillico
260 _aOxford
_bPergamon
_c1972
300 _a160p.
650 _aCommunication in Management
999 _c347987
_d347987